Vista normal Vista MARC

Entrada Personal Name

Número de registros utilizados en: 1

001 - CONTROL NUMBER

  • control field: 65920

003 - CONTROL NUMBER IDENTIFIER

  • control field: OSt

005 - DATE AND TIME OF LATEST TRANSACTION

  • control field: 20251022170047.0

008 - FIXED-LENGTH DATA ELEMENTS

  • fixed length control field: 251022|| aca||aabn | a|a d

040 ## - CATALOGING SOURCE

  • Original cataloging agency: OSt
  • Transcribing agency: OSt

100 ## - HEADING--PERSONAL NAME

  • Personal name: Correa Chaparro, Carlos Gabriel

670 ## - SOURCE DATA FOUND

  • Source citation: Work cat.: (OSt)59549: Correa Chaparro, Carlos Gabriel aut, Sistema integrado de gestión en seguridad y salud en el trabajo /









Instituto Departamental de Cultura del Meta - Red Departamental de Bibliotecas Públicas del Meta.